00638nam a2200217Ia 450000100060000000300090000600500170001500800410003202000220007304000280009504100080012308200170013110000180014824500760016625000270024226000560026930000180032565000220034365000340036565000210039919629DO-CoUTE20260204212624.0220104s9999 dr 000 0 spa d a978-84-313-2704-0 aDO-CoUTEbspacDO-CoUTE0 aspa a370.13 IS73e1 aIsaacs, David10aLa educación de las virtudes humanas y su evaluación / David Isaacs aDecimoquinta edición aNavarra, España: Editorial Universidad de Navarra a474 páginas 4aEducación moral 4aFilosofía de la educación 4aValores sociales